Voices of the Poor : Can Anyone Hear Us? /

Serie de tres obras referentes a la pobreza mundial, cuya primera entrega reúne las voces de 40,000 personas pobres de 40 naciones, quienes en las evaluaciones participativas de la pobreza desarrolladas por el Banco Mundial se manifiestan acerca de la misma definición de la pobreza, las institucione...

全面介绍

Guardado en:
书目详细资料
其他作者: Narayan, Deepa (autor) (autor)
格式: 图书
语言:英语
出版: Washington, EUA : Nueva York, EUA : Banco Mundial ; Oxford University, 2000, c2000
丛编:(Voices of the Poor ; 1)
主题:
标签: 添加标签
没有标签, 成为第一个标记此记录!

MARC

LEADER 00000nam^a2200000^a^4500
001 000121505
005 20250521000000.0
009 20260310094430.747
020 |a 0-19-521601-6 
037 |a Acervo ITESO - Biblioteca 
041 |a ING 
082 |a 362. 5  |b VOI V. 1 
240 1 4 |a [La voz de los pobres] 
240 1 1 |a [Voices of the Poor] 
245 1 0 |a Voices of the Poor :  |b Can Anyone Hear Us? /  |c D. Narayan ; colaboración de Raj Patel... [et al.] ; pról. de Clare Short, James D. Wolfensohn. 
264 4 |a Washington, EUA :  |b Banco Mundial ;  |a Nueva York, EUA :  |b Oxford University,  |c 2000, c2000 
300 |a XI, 343 p. 
336 |a texto  |b txt  |2 rdacontenido 
337 |a sin mediación  |b n  |2 rdamedio 
338 |a volumen  |b nc  |2 rdasoporte 
440 1 |a (Voices of the Poor ;  |v 1) 
520 |a Serie de tres obras referentes a la pobreza mundial, cuya primera entrega reúne las voces de 40,000 personas pobres de 40 naciones, quienes en las evaluaciones participativas de la pobreza desarrolladas por el Banco Mundial se manifiestan acerca de la misma definición de la pobreza, las instituciones estatales, las instituciones de la sociedad civil, los cambios de las relaciones entre los géneros en el espacio doméstico y la fragmentación social. Crying out for Change, título del segundo libro, prosigue la serie y la concluye la obra From Many Lands. 
649 |a XX 
650 |a Pobreza 
650 |a Problemas Sociales 
650 |a Familia 
650 |a Género 
650 |a Países Subdesarrollados 
650 |a Instituciones de Beneficencia 
650 |a Instituciones Políticas 
650 |a Organizaciones No Gubernamentales 
650 |a Política Social 
650 |a Asistencia Social 
650 |a Desarrollo Económico-Social 
700 |a Narayan, Deepa  |e (autor) 
910 |a Fondo General 
920 |a Impresos - Libros 
930 |a Colección General 
905 |a 101 
901 |a 0500055793  |b IT1  |c ACC  |u 20250521 
901 |a 0500055796  |b IT1  |c ACC  |u 20250521 
902 |a https://opac.biblio.iteso.mx/vufind/Record/000121505